El principio contaminador pagador: aspectos jurídicos de su adopción en América
Saved in:
| Institution som forfatter: | |
|---|---|
| Format: | Bog |
| Sprog: | spansk |
| Udgivet: |
Buenos Aires
Fraterna
1983
|
| Fag: | |
| Tags: |
Tilføj Tag
Ingen Tags, Vær først til at tagge denne postø!
|
MARC
| LEADER | 00000nam a2200000 a 4500 | ||
|---|---|---|---|
| 001 | UCS0518 | ||
| 003 | CL-VaPUC | ||
| 008 | 970426e19830400AG |||||||||||||||||spa|d | ||
| 020 | |a 950909708X | ||
| 082 | 0 | 4 | |a 344.046 |b COM |2 21 |
| 110 | 2 | |a Comisión Interamericana para el Derecho y la Administración del Ambiente |e author |9 384131 | |
| 245 | 1 | 3 | |a El principio contaminador pagador: aspectos jurídicos de su adopción en América |
| 300 | |a 191 p | ||
| 942 | |c BK | ||
| 945 | |d 19970426 00:00:00 |a paguirre | ||
| 260 | |a Buenos Aires |b Fraterna |c 1983 | ||
| 650 | 0 | |a Derecho público |9 255910 | |
| 650 | 0 | |a Medio ambiente |9 257625 | |
| 650 | 0 | |a Salud pública |9 258913 | |
| 650 | 7 | |a LEGISLACION AMBIENTAL |2 CL-VaPUC |9 384132 | |
| 650 | 7 | |a CONTAMINACION |2 CL-VaPUC |9 258139 | |
| 650 | 7 | |a LEGISLACION SOBRE CONTAMINACION ATMOSFERICA |2 CL-VaPUC |9 384133 | |
| 583 | |a last modification |c 19970426 00:00:00 |k Rodrigo Vera | ||
| 999 | |c 258743 |d 258741 | ||
| 952 | |0 0 |1 0 |4 0 |6 344_046000000000000_COM_1983 |7 0 |8 A |9 283023 |a BIBDER |b BIBDER |d 2019-11-19 |i 1838814 |o 344.046 COM 1983 |p 1838814 |r 2023-01-25 |w 2019-11-19 |y BK |k DER | ||